Normal view
MARC view
- Abbott, Karen
Entry Personal Name
001 - CONTROL NUMBER
- control field: 133437
003 - CONTROL NUMBER IDENTIFIER
- control field: NUST
005 - DATE AND TIME OF LATEST TRANSACTION
- control field: 20260224133011.0
008 - FIXED-LENGTH DATA ELEMENTS
- fixed length control field: 260224|| aca||aabn | a|a d
040 ## - CATALOGING SOURCE
- Original cataloging agency: NUST
- Transcribing agency: NUST
100 ## - HEADING--PERSONAL NAME
- Personal name: Abbott, Karen
670 ## - SOURCE DATA FOUND
- Source citation: Work cat.: (NUST): Abbott, Karen., Sin in the Second City: Madams, Ministers, Playboys, and the Battle for America's Soul /, 2007.
